LEADER 01208nam a2200289 a 4500 001 000000126672 003 CaOOAMICUS 005 20111025120813.0 008 111025s2011 it u000 u ita r 020 $a978-88-7016-846-4 040 $aPUL$bita 082 04$a230.082 100 1 $aGreen, Elizabeth, E.$0(OLS)http://pul/name/31275 245 13$aIl filo tradito :$bvent'anni di teologia femminista /$cElizabeth E. Green. 260 $aTorino :$bClaudiana,$c©2011. 300 $a230 p. ;$c21 cm 490 1 $aPiccola biblioteca teologica ;$v106 650 4$aDonne nel cristianesimo.$0(OLS)http://pul/subject/9377 830 0$aPiccola biblioteca teologica (Claudiana) ;$v106.$0(OLS)http://pul/title/31784 850 $aPUL 852 $aPUL$W1$xSL Religione 3$y85$m230. 082 GREEL 1$j146459$qDDC 21$B145166$CPULBib$Z2$F145166 $H118109 $82 941 1 $a9 996 $6020$a978-88-7016-846-4$9(OLS)http://pul/number/148229 996 $6082$a230.082$9(OLS)http://pul/classification/2125 996 $6245$aIl filo tradito :$bvent'anni di teologia femminista$9(OLS)http://pul/title/160001 996 $6260$aTorino :$bClaudiana$9(OLS)http://pul/publisher/48072 LEADER 01349nam a2200265 a 4500 001 000000174235 003 CaOOAMICUS 005 20210203163846.0 008 210203s2020 it frm z000 u eng r 032 $aLibriCat 040 $aPUL$bita 100 1 $aCho, Dong-Won.$0(OLS)http://pul/name/111951 245 14$aThe perfection of humanity in the works of Reginal Garrigou-Lagrange and Luis F. Ladaria in the context of christological debates and soteriological concerns / $cDong-Won Cho. 260 $aRoma :$b[s.n.],$c2020. 300 $a125 p. ;$c24 cm 502 $aEstratto della Tesi -- Pontificia Universitą Gregoriana -- Facoltą di Teologia, 2020. 504 $aBibliografia: p. [101]-122. 600 14$aLadaria, Ferrer, Luis,$cS.I.$xCristologia.$0(OLS)http://pul/subject/45221 710 2 $aPontificia Universitą Gregoriana.$bFacoltą di teologia.$kTesi.$0(OLS)http://pul/name/81592 850 $aPUL 852 $aPUL$W1$xDP1 Tesi Pon. Univ. Gregoriana$y40$m2020 B 13$j198081$qTesi$B203155$CPULBib$Z2$F203155 $82 941 1 $a16 996 $6245$aThe perfection of humanity in the works of Reginal Garrigou-Lagrange and Luis F. Ladaria in the context of christological debates and soteriological concerns / $9(OLS)http://pul/title/215463 996 $6260$aRoma :$b[s.n.]$9(OLS)http://pul/publisher/47958